banner-ar

المواكب الاسلامية فى الممالك والمحاسن الشامية / (Record no. 45891)

MARC details
000 -الفاتح
حقل البيانات ثابتة الطول 00981nam a2200217Ia 4500
005 - وقت وتاريخ اخر تعامل مع التسجيلة
رقم الضبط 20240530104243.0
008 - عناصر البيانات ثابتة الطول - معلومات عامة
حقل البيانات ثابتة الطول 140319s1992 sy b 000 0 ara d
040 ## - مصدر الفهرسة
وكالة الفهرسة الأصلية GCL /
وكالة النسخ GCL
082 04 - رقم تصنيف ديوى العشرى
رقم التصنيف 956.081/
رقم المادة ك م
100 1# - المدخل الرئيسى - إسم شخصى
الإسم الشخصى ابن كنان، محمد بن عيسى بن محمود بن محمد الحنبلى الصالحى
245 10 - بيان العنوان
العنوان المواكب الاسلامية فى الممالك والمحاسن الشامية /
بيان المسئوليه,etc تاليف محمد بن عيسى بن كنان الصالحى الدمشقى ؛ تحقيق ودراسة حكمت اسماعيل ؛ مراجعة محمد المصرى
260 ## - PUBLICATION, DISTRIBUTION, ETC. (IMPRINT)
تاريخ النشر أو التوزيع 1992.
300 ## - الوصف المادى
التعداد 2 جزء :
تفاصيل ماديه اخرى للوعاء خرائط ؛
المادة المصاحبة 24 سم.
650 07 - المدخل الاضافى بالموضوع-مصطلح موضوعى
مصطلح موضوعي المخطوطات
مصدر الرأس أو المصطلح qrmak
651 07 - المدخل الاضافى بالموضوع - اسم جغرافى
مصدر الرأس أو المصطلح qrmak
الاسم الجغرافي دمشق
651 07 - المدخل الاضافى بالموضوع - اسم جغرافى
مصدر الرأس أو المصطلح qrmak
الاسم الجغرافي سوريا
التقسيم الفرعي العام تاريخ
700 0# - المدخل الاضافى - اسم شخصى
الإسم الشخصى حكمت اسماعيل
الدور محقق
700 1# - المدخل الاضافى - اسم شخصى
الإسم الشخصى محمد المصرى
الدور مراجع
942 ## - عناصر المدخل الإضافي( كوها)
مصدر التصنيف او مخطط الترفيف Dewey Decimal Classification
Koha [default] item type كتاب
260 ## - PUBLICATION, DISTRIBUTION, ETC. (IMPRINT)
-- سةريا :
-- منشورات وزارة الثقافة،
Holdings
حالة التراجع حالة الفقد حالة تلف ليس للاعارة المكان المؤقت الموقع الحالى تاريخ الاكتساب اجمالي اﻻعارات رقم الطلب الباركود تاريخ اخر مشاهدة تاريخ تفعيل السعر نوع وعاء كوها
        مكتبة القاهرة الكبرى مكتبة القاهرة الكبرى 03/26/2014   956.081\ك م 111848 03/26/2014 03/26/2014 كتاب
        مكتبة القاهرة الكبرى مكتبة القاهرة الكبرى 03/26/2014   956.081\ك م 111849 03/26/2014 03/26/2014 كتاب

Powered By

EGPV